|
|
|
|
| LEADER |
00793nam a2200193 i 4500 |
| 003 |
GR-PaULI |
| 005 |
20220304113500.0 |
| 008 |
170922s2001 gr ||||g |||| 00| 1 gre d |
| 952 |
|
|
|0 0
|1 0
|2 ddc
|4 0
|6 889_400000000000000_ΧΡΟ
|7 0
|9 215244
|a LISP
|b LISP
|c DON
|d 2017-09-22
|e ΒΑΛ
|i 128065
|l 1
|m 1
|o 889.4 ΧΡΟ
|p 025000246831
|r 2022-07-21 00:00:00
|s 2022-06-20
|t 1
|v 2017.00
|w 2017-09-22
|y BK15
|
| 999 |
|
|
|c 130789
|d 130789
|
| 020 |
|
|
|a 9607716639
|
| 040 |
|
|
|a GR-PaULI
|b gre
|c GR-PaULI
|e AACR2
|
| 082 |
0 |
4 |
|2 23
|a 889.4
|
| 100 |
1 |
|
|9 33801
|a Χρονάς, Γιώργος,
|d 1948-
|e συγγραφέας
|
| 245 |
1 |
0 |
|a Χάρτινη εξέδρα /
|c Γιώργος Χρονάς.
|
| 260 |
|
|
|a Αθήνα :
|b Οδός Πανός,
|c 2001.
|
| 300 |
|
|
|a 213 σ. ;
|c 21 εκ.
|
| 942 |
|
|
|2 ddc
|c BK15
|
| 998 |
|
|
|c ΛΟΤΣΑΡΗ
|d 2017-09
|